Portland Trail Blazers Players by NBA Game Played - Statistics

General Stats
  • This quiz has been taken 34 times
  • The average score is 1173 of 4580
Answer Stats
Player Games % Correct
Clyde Drexler 867
96%
Damian Lillard 769
93%
Bill Walton 209
89%
CJ McCollum 564
82%
Alvin Williams 41
75%
Brandon Williams 24
75%
Buck Williams 557
75%
Elliot Williams 24
75%
Ha Seung-Jin 46
75%
Jeenathan Williams 5
75%
Mo Williams 74
75%
Robert Williams 44
75%
Walt Williams 79
75%
LaMarcus Aldridge 648
71%
Bill Smith 30
64%
Brandon Roy 321
64%
Charles Smith 24
64%
Craig Smith 47
64%
Dennis Smith Jr. 37
64%
Greg Smith 195
64%
Nolan Smith 84
64%
Reggie Smith 66
64%
Steve Smith 163
64%
Terry Porter 758
64%
Willie Smith 13
64%
Anfernee Simons 389
61%
Gerald Wallace 65
61%
Rasheed Wallace 544
61%
Caldwell Jones 309
57%
Charles Jones 37
57%
Derrick Jones Jr. 58
57%
Fred Jones 24
57%
James Jones 58
57%
Robin Jones 63
57%
Steve Jones 64
57%
Jerami Grant 190
54%
Brian Grant 172
50%
Clifford Robinson 644
50%
Gary Grant 31
50%
Harvey Grant 228
50%
James Robinson 205
50%
Rumeal Robinson 70
50%
Scoot Henderson 128
50%
Scottie Pippen 272
50%
Shaedon Sharpe 208
50%
Thomas Robinson 102
50%
Armon Johnson 39
46%
Arvydas Sabonis 470
46%
Chris Johnson 30
46%
Clemon Johnson 74
46%
Dave Johnson 42
46%
Gerald Henderson 72
46%
Jarrett Jack 240
46%
John Johnson 158
46%
Ken Johnson 64
46%
Keon Johnson 62
46%
Ollie Johnson 157
46%
Steve Johnson 194
46%
Greg Brown III 64
43%
Jerome Kersey 831
43%
Jrue Holiday 12
43%
Marcus Brown 21
43%
Moses Brown 31
43%
Bonzi Wells 310
39%
Damon Stoudamire 529
39%
Jaren Jackson 29
39%
Jim Jackson 49
39%
Jusuf Nurkić 324
39%
Kevin Duckworth 527
39%
Shavlik Randolph 13
39%
Zach Randolph 387
39%
Bernard Thompson 59
36%
Bob Davis 9
36%
Charlie Davis 77
36%
Dale Davis 313
36%
Deandre Ayton 95
36%
Ed Davis 205
36%
Johnny Davis 161
36%
Kevin Thompson 14
36%
Mychal Thompson 551
36%
Taurean Green 8
36%
Walter Davis 32
36%
Deni Avdija 100
32%
Maurice Harkless 274
32%
Toumani Camara 176
32%
Al-Farouq Aminu 293
29%
Greg Oden 82
29%
Jim Paxson 627
29%
Kiki Vandeweghe 285
29%
Maurice Lucas 330
29%
Norman Powell 67
29%
Robert Covington 118
29%
Carmelo Anthony 127
25%
Dan Anderson 95
25%
Danny Young 223
25%
Derek Anderson 244
25%
Donovan Clingan 91
25%
Geoff Petrie 446
25%
Greg Anthony 190
25%
Greg Lee 5
25%
Kenny Anderson 127
25%
Kermit Washington 173
25%
Kim Anderson 21
25%
Matisse Thybulle 106
25%
Perry Young 4
25%
Richard Anderson 134
25%
Sidney Wicks 398
25%
Wesley Matthews 359
25%
Yang Hansen 13
25%
Andre Miller 163
21%
Bill Turner 2
21%
Evan Turner 217
21%
Hassan Whiteside 67
21%
James Thomas 9
21%
Kurt Thomas 53
21%
Nicolas Batum 481
21%
Craig Neal 21
18%
Jeremy Richardson 1
18%
Lloyd Neal 435
18%
Allen Crabbe 226
14%
Blake Wesley 6
14%
Brian Roberts 21
14%
Caleb Love 20
14%
Dave Twardzik 280
14%
Gary Trent 192
14%
Gary Trent Jr. 117
14%
Isaiah Rider 197
14%
Jarron Collins 5
14%
Josh Hart 64
14%
Malcolm Brogdon 39
14%
Meyers Leonard 393
14%
Rod Strickland 312
14%
Sidy Cissoko 28
14%
Steve Blake 350
14%
Trevor Ariza 21
14%
Voshon Lenard 14
14%
Zach Collins 154
14%
Calvin Natt 333
11%
Detlef Schrempf 103
11%
Dorie Murrey 2
11%
Duop Reath 136
11%
Juwan Howard 73
11%
Kenny Carr 316
11%
Kris Murray 157
11%
Lionel Hollins 315
11%
Mason Plumlee 136
11%
Maurice Baker 4
11%
Nikita Wilson 15
11%
Rayan Rupert 112
11%
Robin Lopez 141
11%
Rodney Hood 86
11%
Sam Bowie 139
11%
Seth Curry 74
11%
Taze Moore 6
11%
Tracy Murray 150
11%
Brian Martin 5
7%
Cody Zeller 27
7%
Dražen Petrović 95
7%
Earl Watson 24
7%
Ed Manning 79
7%
Enes Freedom 95
7%
Fernando Martín 24
7%
Gary Payton II 15
7%
Jamal Crawford 60
7%
James Edwards 28
7%
Larry Steele 610
7%
LaRue Martin 271
7%
Leroy Ellis 74
7%
Ruben Patterson 341
7%
Rudy Fernández 218
7%
Shaquille Harrison 5
7%
Shareef Abdur-Rahim 86
7%
Steve Kerr 65
7%
Travis Outlaw 377
7%
Anthony Cook 11
4%
Arron Afflalo 25
4%
Audie Norris 187
4%
Bob Gross 486
4%
Carlos Rogers 5
4%
Chris Dudley 295
4%
Chris Kaman 90
4%
CJ Elleby 88
4%
Darius Miles 145
4%
Darnell Valentine 300
4%
Eddie Jordan 13
4%
Elijah Hughes 22
4%
Elmore Spencer 11
4%
Fat Lever 162
4%
Jake Layman 141
4%
Jim Brewer 67
4%
J.J. Hickson 99
4%
Joel Przybilla 422
4%
Kelvin Cato 117
4%
Larry Nance Jr. 37
4%
Lenny Wilkens 65
4%
Marcus Camby 122
4%
Mario Hezonja 53
4%
Nassir Little 192
4%
Negele Knight 3
4%
Nick Van Exel 53
4%
Omar Cook 17
4%
Otis Thorpe 34
4%
Raymond Felton 60
4%
Reggie Jordan 9
4%
Reggie Perry 9
4%
Ron Brewer 192
4%
Rondae Hollis-Jefferson 11
4%
Ron Knight 101
4%
Ronnie Murphy 18
4%
Sergio Rodríguez 219
4%
Shabazz Napier 127
4%
Shawn Kemp 143
4%
Skal Labissière 42
4%
Stacey Augmon 284
4%
Tom Owens 319
4%
Walt Gilmore 27
4%
Wayne Cooper 342
4%
Wesley Person 33
4%
Aaron McKie 167
0%
Abdul Jeelani 77
0%
Adrian Branch 67
0%
Alaa Abdelnaby 114
0%
Aleksandar Djordjevic 8
0%
Alonzo Gee 15
0%
Alton Lister 7
0%
Anthony Tolliver 35
0%
Antonio Daniels 67
0%
Antonio Harvey 31
0%
Ashton Hagans 19
0%
Barry Clemens 126
0%
Ben McLemore 64
0%
Bernie Fryer 80
0%
Bill Stricker 1
0%
Billy Ray Bates 168
0%
Bob Verga 21
0%
Brian Shaw 1
0%
Brian Skinner 27
0%
Brook Steppe 27
0%
Bryce McGowens 13
0%
Byron Irvin 50
0%
Caleb Swanigan 65
0%
Cameron McGriff 3
0%
Cam Reddish 20
0%
Carl Bailey 1
0%
Chance Comanche 1
0%
Channing Frye 141
0%
Charlie Yelverton 69
0%
Chris Engler 7
0%
Claude English 18
0%
Cliff Alexander 8
0%
Clinton Wheeler 20
0%
Clyde Mayes 5
0%
Corky Calhoun 149
0%
Dalano Banton 97
0%
Dale Schlueter 171
0%
Dan Dickau 70
0%
Danny Ainge 161
0%
Dante Cunningham 119
0%
Darrall Imhoff 40
0%
Dave Wohl 22
0%
Delaney Rudd 15
0%
Dennis Awtrey 10
0%
Desmond Ferguson 7
0%
Didi Louzada 7
0%
Don Buse 41
0%
Dontonio Wingfield 94
0%
Dorell Wright 116
0%
Drew Eubanks 100
0%
Earl Barron 2
0%
Eddie Gill 22
0%
Ennis Whatley 26
0%
Erick Barkley 27
0%
Eric Maynor 27
0%
Fabricio Oberto 5
0%
Gary Gregor 126
0%
Geno Carlisle 6
0%
Geoff Crompton 6
0%
Georgios Papagiannis 1
0%
Hank McDowell 42
0%
Harry Giles 38
0%
Hasheem Thabeet 15
0%
Herm Gilliam 80
0%
Ibou Badji 22
0%
Ike Diogu 19
0%
Ime Udoka 75
0%
Ira Terrell 18
0%
Ish Wainright 7
0%
Jabari Walker 188
0%
Jacky Dorsey 4
0%
Jamaal Magloire 81
0%
Jamaree Bouyea 6
0%
Jared Jeffries 38
0%
Jarron Cumberland 3
0%
Javonte Cooke 5
0%
Jaylen Hoard 13
0%
Jeff Ayres 39
0%
Jeff Judkins 34
0%
Jeff Lamp 177
0%
Jeff McInnis 114
0%
Jermaine O'Neal 211
0%
Jerryd Bayless 127
0%
Jerry Sichting 53
0%
Jim Barnett 78
0%
Jim Marsh 39
0%
Jim McMillian 23
0%
Joe Binion 11
0%
Joe Kleine 7
0%
Joel Freeland 151
0%
Joe Wolf 21
0%
John Butler 19
0%
John Crotty 29
0%
Jonny Flynn 18
0%
Josh McRoberts 8
0%
Juan Dixon 131
0%
Justin Minaya 57
0%
Justise Winslow 40
0%
Kaniel Dickens 3
0%
Keljin Blevins 48
0%
Kelvin Ransey 158
0%
Kent Bazemore 43
0%
Kevin Gamble 9
0%
Kevin Knox 21
0%
Kevin Kunnert 94
0%
Kris Dunn 14
0%
Lamont Strothers 4
0%
Linton Townes 55
0%
Luis Montero 12
0%
Luke Babbitt 126
0%
Luke Schenscher 11
0%
Mario Elie 82
0%
Mark Bryant 431
0%
Mark Sibley 28
0%
Martell Webster 301
0%
Matt Carroll 13
0%
Michael Holton 140
0%
Michael Ruffin 11
0%
Mike Gale 42
0%
Mike Harper 123
0%
Mitchell Butler 60
0%
Mo Layton 22
0%
Nate Johnston 15
0%
Nik Stauskas 44
0%
Noah Vonleh 185
0%
Pat Connaughton 155
0%
Patty Mills 74
0%
Pete Verhoeven 162
0%
Pétur Guðmundsson 68
0%
Phil Lumpkin 48
0%
Qyntel Woods 115
0%
Raef LaFrentz 66
0%
Randolph Childress 47
0%
Reggie Slater 4
0%
Richie Frahm 43
0%
Rick Adelman 237
0%
Rick Brunson 97
0%
Rick Roberson 69
0%
Robert Pack 72
0%
Robert Reid 12
0%
Rolando Ferreira 12
0%
Ronnie Price 39
0%
Ron Rowan 7
0%
Roy Hamilton 1
0%
Ruben Boumtje-Boumtje 44
0%
Ruben Nembhard 2
0%
Ryan Arcidiacono 9
0%
Sasha Pavlović 39
0%
Sean Higgins 2
0%
Sean Marks 29
0%
Sebastian Telfair 136
0%
Sergei Monia 23
0%
Shaler Halimon 79
0%
Skylar Mays 27
0%
Slavko Vraneš 1
0%
Stan McKenzie 171
0%
Stephen Graham 14
0%
Steve Colter 159
0%
Steve Hawes 66
0%
Steve Henson 37
0%
Terry Dischinger 63
0%
Theo Ratliff 150
0%
Tim Frazier 40
0%
Tim Quarterman 16
0%
T.J. Leaf 7
0%
Tom Piotrowski 18
0%
Tom Scheffler 39
0%
Tony Snell 38
0%
Travis Diener 5
0%
T.R. Dunn 225
0%
Trendon Watford 110
0%
Victor Claver 80
0%
Viktor Khryapa 101
0%
Vincent Askew 30
0%
Vladimir Stepania 42
0%
Von Wafer 8
0%
Wade Baldwin 23
0%
Wally Walker 75
0%
Walter Berry 7
0%
Wenyen Gabriel 19
0%
Will Barton 144
0%
Willie McCarter 39
0%
Willie Norwood 19
0%
Will Perdue 13
0%
No matching quizzes found
Score Distribution
Percent of People with Each Score
Percentile by Number Answered
Your Score History
You have not taken this quiz